Η εποχή της δωρεάς
Αποθηκεύτηκε σε:
| Κύριος συγγραφέας: | |
|---|---|
| Μορφή: | Βιβλίο |
| Γλώσσα: | Greek English |
| Δημοσίευση: |
Αθήνα :
Μεταίχμιο,
2004
|
| Θέματα: | |
| Ετικέτες: |
Προσθήκη ετικέτας
Δεν υπάρχουν, Καταχωρήστε ετικέτα πρώτοι!
|
MARC
| LEADER | 00000nam a2200000 i 4500 | ||
|---|---|---|---|
| 001 | 1/91211 | ||
| 008 | 080718s2004 gre d | ||
| 020 | |a 960-375-715-2 | ||
| 035 | |l 10099061 | ||
| 040 | |a GR-MY-UA |b gre |e aacr | ||
| 041 | 1 | |a gre |h eng | |
| 082 | 0 | |a 914 |2 (22) | |
| 100 | 1 | |a Fermor, Patrick Leigh. | |
| 245 | 1 | 2 | |a Η εποχή της δωρεάς / |c Πάτρικ Λη Φερμορ ; μετάφραση: Μαίρη Βοσταντζή |
| 260 | |a Αθήνα : |b Μεταίχμιο, |c 2004 | ||
| 300 | |a 401 σ.; |c 21 εκ. | ||
| 500 | |a Μετάφραση του: A time of gifts | ||
| 651 | 0 | |a Europe |x Description and travel. | |
| 651 | 0 | |a Europe, Central |x Description and travel. | |
| 852 | |a INST |b SYROS |e 20080718 |h 914 FER |p 005500005654 |q 005500005654 |t BK |y 0 | ||
| 901 | |a BIBL5-2008-2 | ||
| 909 | |a Ε |b 141419 | ||
| 922 | |a 5ΕΛΗ |b 200711 |c ΕΠΕΑΕΚ2/ΤΜΣΠΣ |d Σ. ΠΑΤΑΚΗΣ | ||
| 970 | |a ΚΟΝΤΟΥ |b ΠΑΡΑΣΚΕΥΗ |z 2008/07/18 | ||